000
00306nam a22001217a 4500
020
_a
0735618321
082
_2
22
_a
005.7585
100
_a
NA
245
_a
Microsoft SQL server 2000 operations /
260
_a
USA,
_b
Microsoft Corporation,
_c
c2002.
300
_a
viii, 199p. ;
_b
ill. ;
_c
23 cm.
942
_2
ddc
_c
IT
999
_c
1421
_d
1421